| 000 | 00000nam##2200000za#4500 |
| 001 | 9.588089 |
| 003 | CaOODSP |
| 005 | 20210624194942 |
| 007 | cr ||||||||||| |
| 008 | 150406|1999||||xxc|||||o f|0| 0 eng|d |
| 040 | |aCaOODSP|beng |
| 041 | |aeng |
| 041 | |afre |
| 043 | |an-cn--- |
| 086 | 1 |aNH14-1/0392-PDF |
| 110 | 2 |aCanada Mortgage and Housing Corporation. |
| 245 | 10|aOne-stop approval for minor residential renovations / |h[electronic resource]|cby Julie Tasker-Brown ; André Fortin. |
| 260 | |aOttawa - Ontario : |bCanada Mortgage and Housing Corporation |
| 300 | |a24p.|bfigs. |
| 490 | 1 |aAffordability and Choice Today (ACT) regulatory reform project|vDecember 1999 |
| 500 | |aText in English and French on inverted pages. |
| 590 | |a12-31-Supp|b2012-07-06 |
| 720 | 1 |aTasker-Brown, Julie |
| 720 | 1 |aFortin, André |
| 776 | 0#|tProjet d'autorisation instantanée pour les transformations résidentielles mineurs / |w(CaOODSP)9.534751 |
| 792 | |tProjet d'autorisation instantanée pour les transformations résidentielles mineures / |efre|w(CaOODSP)9.588090 |
| 830 | #0|aAffordability and Choice Today (ACT) regulatory reform project ;|vDecember 1999|w(CaOODSP)9.500613 |
| 856 | 40|ahttp://publications.gc.ca|qPDF|s971 KB|uhttps://publications.gc.ca/collections/Collection/NH14-1-0392.pdf|yDecember 1999 |